<?xml version="1.0" encoding="UTF-8"?>
<collection xmlns="http://www.loc.gov/MARC21/slim">
 <record>
  <leader>01450nab a2200181 i 4500</leader>
  <controlfield tag="001">misc41712</controlfield>
  <controlfield tag="005">20191106140439.0</controlfield>
  <controlfield tag="008">180706s2015    hu      o     0||   zxx d</controlfield>
  <datafield tag="022" ind1=" " ind2=" ">
   <subfield code="a">1215-5233</subfield>
  </datafield>
  <datafield tag="040" ind1=" " ind2=" ">
   <subfield code="a">SZTE Miscellanea Repozitórium</subfield>
   <subfield code="b">hun</subfield>
  </datafield>
  <datafield tag="041" ind1=" " ind2=" ">
   <subfield code="a">zxx</subfield>
  </datafield>
  <datafield tag="100" ind1="1" ind2=" ">
   <subfield code="a">Mikonya György</subfield>
  </datafield>
  <datafield tag="245" ind1="1" ind2="2">
   <subfield code="a">A régmúlt vonzásában – egy új neveléstörténeti könyvről</subfield>
   <subfield code="h">[elektronikus dokumentum] /</subfield>
   <subfield code="c"> Mikonya György</subfield>
  </datafield>
  <datafield tag="260" ind1=" " ind2=" ">
   <subfield code="c">2015</subfield>
  </datafield>
  <datafield tag="300" ind1=" " ind2=" ">
   <subfield code="a">217-219</subfield>
  </datafield>
  <datafield tag="490" ind1="0" ind2=" ">
   <subfield code="a">Iskolakultúra</subfield>
   <subfield code="v">25 No. 5-6</subfield>
  </datafield>
  <datafield tag="520" ind1="3" ind2=" ">
   <subfield code="a">Nem a piaci viszonyok és az eladhatóság ösztönzi azokat a szerzőket, akik a folytonosan változó pedagógusképzés viszonyai között arra vállalkoznak, hogy neveléstörténeti monográfiát írjanak. A szerzők bátorsága majdhogynem vakmerőség – Arisztotelészre gondolva –, hiszen ráadásul még antik és középkori témával foglalkoznak. Mindez egyáltalán nem meglepő, ha a szerzőpáros történelem–latin szakos előéletére gondolunk. A monográfia megírására, bizonyára, ösztönző hatású lehetett az intézményi hátteret jelentő Pázmány Péter Tudományegyetem Bölcsészettudományi Karának azon törekvése is, hogy Gloviczki Zoltán és Zsinka László hatékony együttműködése által a hallgatók számára a legújabb kutatási eredményeket is feldolgozó kötet szülessen.</subfield>
  </datafield>
  <datafield tag="856" ind1="4" ind2="0">
   <subfield code="u">http://misc.bibl.u-szeged.hu/41712/1/EPA00011_iskolakultura_2015_05-06_217-220.pdf</subfield>
   <subfield code="z">Dokumentum-elérés </subfield>
  </datafield>
 </record>
</collection>
